Survivor medical evacuations - Statistics

General Stats
  • This quiz has been taken 1,046 times
    1,012 since last reset
  • The average score is 10 of 15
Answer Stats
Season Name % Correct
Australian Outback Michael Skupin
91%
Micronesia Jonathan Penner
85%
Kaoh Rong Caleb Reynolds
82%
Samoa Russell Swan
81%
Micronesia James Clement
80%
One World Colton Cumbie
75%
Kaoh Rong Joe Del Campo
70%
Caramoan Erik Reichenbach
69%
Tocantins Joe Dowdle
69%
David Vs Goliath Pat Cusack
58%
Panama Bruce Kanegai
57%
Samoa Mike Borassi
56%
Kaoh Rong Neal Gottlieb
53%
One World Kourtney Moon
48%
Caramoan Shamar Thomas
48%
No matching quizzes found
Score Distribution
Percent of People with Each Score
Percentile by Number Answered
Your Score History
You have not taken this quiz since the last reset